| 000 | 01164nam a2200313 c 4500 | ||
|---|---|---|---|
| 003 | BLK | ||
| 005 | 20201210101150.0 | ||
| 008 | 180408b bul|||||r ||||||| ||bul|| | ||
| 010 | _aKNG00060002000 | ||
| 040 | _aBLK | ||
| 041 |
_aBUL _cBUL |
||
| 080 |
_aПедагогическа социология _b37.015.4 _x(075.8) _z37.015.4(075.8) |
||
| 100 | 1 |
_aАндреев, Марин Лазаров _eпърви автор _9250125 |
|
| 139 |
_aАндреев, Марин Лазаров _bА 66 |
||
| 245 | 1 | 0 |
_aПедагогическа социология _bУчебник за студентите от СУ Кл. Охридски _cМарин Лазаров Андреев. |
| 250 | _a2. осн. прераб. изд. | ||
| 257 | _aBGR | ||
| 260 |
_аСофия _bНар. просв. _c1988 |
||
| 300 |
_a328 с. _c21 см |
||
| 380 | _a3 | ||
| 650 | 4 |
_aПедагогическа социология _9265509 |
|
| 653 | _aпедагогическа социология | ||
| 653 | _aучебници за ВУЗ | ||
| 852 | _aЦб 156042 | ||
| 856 | 4 |
_qpdf _u |
|
| 856 | 4 |
_qpdf _u |
|
| 942 |
_cKNG _n0 _05 |
||
| 944 |
_aCR _c13.06.2004 _kКети_Илиева |
||
| 944 |
_aED _c07.01.2013 _k |
||
| 999 |
_c56025 _d56025 |
||